000 00256nam a22001097a 4500
082 _a954.91 WIL'S
100 _aWILLIAMS, L. F RUSHBROOK
_957721
245 _aTHE STATE OF PAKISTAN
260 _aLONDON
_bFABER & FABER
_c1962
300 _a254P
942 _cBK
999 _c567992
_d567992